Movies Quiz

Random Movies Quiz

Greatest 80's Comedy Movies Quiz Stats

 Plays Quiz not verified by Sporcle

Also try: Tom Cruise Movies
Challenge
Share
Tweet
Embed
Score 0/21 Timer 05:00
0 Plays Today
% Correct
ghostbusters
54.6%
caddyshack
53.7%
breakfast club
53.2%
ferris buellers day off
39.4%
airplane
39%
back to the future
34.4%
beverly hills cop
34.4%
stripes
32.6%
weird science
24.3%
fast times at ridgemont high
22.9%
big
22.5%
% Correct
porkys
18.8%
national lampoons vacation
17.4%
spaceballs
17.4%
uncle buck
17.4%
goonies
15.1%
planes trains and automobiles
14.7%
revenge of the nerds
12.4%
beetlejuice
10.6%
raising arizona
5.5%
license to drive
3.2%

You're not logged in!

Compare scores with friends on all Sporcle quizzes.
Join for Free
OR
Log In

You Might Also Like...

Show Comments

Extras

Created Apr 21, 2011ReportNominate
Tags:greatest

Top Quizzes Today


Score Distribution

Your Account Isn't Verified!

In order to create a playlist on Sporcle, you need to verify the email address you used during registration. Go to your Sporcle Settings to finish the process.

Report this User

Report this user for behavior that violates our Community Guidelines.

Details: